000 01353nam0a22003611 4500
001 v19\rc\1574631
005 20250618205837.0
035 _a(NLR Aleph) 004702977
090 _a4093582
_c4093582
100 _a20061002e18931893|||y0rusy50 ca
101 0 _arus
102 _aRU
105 _ay a |||||
200 1 _aКритико-библиографические заметки об изданиях и исследованиях по русской словесности за 1892 год
_f[Соч.] П.В. Владимирова
210 _aКиев
_cтип. Имп. Ун-та св. Владимира В. Завадзкого
_d1893
215 _a[2], 52 с.
_d25
311 _aОтт. из "Унив. изв." за 1893 г.
488 0 _12001#$aУниверситетские известия$v1893
_tУниверситетские известия
700 1 _aВладимиров
_bП.В.
_f1854-1902
_gПетр Владимирович
801 0 _aRU
_bNLR
_gpsbo
801 0 _aRU
_bRuMoRGB
_2psbo
801 1 _aRU
_bProSoft-M
_2rusmarc
852 _aNLR
_j18.181.4.232
899 _aRuMoRGB
_jМК
899 _aRuMoRGB
_jКл 35/34
899 _aБАН
899 _aНБ СПбГУ
899 _aГПИБ
899 _aНБ МГУ
899 _aRuMoRGB
_jU 445/833
899 _aRuMoRGB
_jA 250/484
942 _cBOOK
980 _aNB